|
|
|
|
| LEADER |
03144nam a2200361 a 4500 |
| 001 |
0017722 |
| 003 |
BD-DhAAL |
| 008 |
091111s2008 bg a b 000 0 eng d |
| 020 |
|
|
|a 9843216059
|
| 040 |
|
|
|a BD-DhAAL
|c BD-DhAAL
|
| 082 |
0 |
0 |
|a 343.5492052
|2 22
|
| 245 |
1 |
0 |
|a Income tax manual.
|n Part-II :
|b the income tax rules,
|f 1984
|p [As amended up to July, 2008] /
|c compiled by Lal Bahadur Adhikary.
|
| 246 |
|
|
|a আয়কর ম্যানুয়াল.
|n দ্বিতীয় খণ্ড
|
| 260 |
|
|
|a Dhaka:
|b Supreme Prokashani,
|c 2008.
|
| 300 |
|
|
|a viii, 245 pages :
|b illustrations ;
|c 21 cm
|
| 362 |
|
|
|a Vol. 2
|
| 504 |
|
|
|a Includes bibliographical references.
|
| 526 |
|
|
|x Prof. Mojib Uddin Ahmed
Director, MBA Program
BRAC Business School
Course name and no. N/A ;
|x Monojit Kumar Ojha
Director, Finance
BRAC University
|
| 541 |
1 |
|
|a Paragon Enterprises Ltd. ; A H Developmet Publishing House
|e 0018560, 0017722
|
| 650 |
|
0 |
|a Income tax
|x Law and legislation
|z Bangladesh.
|9 56591
|
| 650 |
|
0 |
|a Income tax
|x Bangladesh.
|9 57289
|
| 650 |
|
0 |
|a Law.
|
| 700 |
1 |
|
|a Adhikary, Lal Bahadur.
|9 57290
|
| 852 |
4 |
|
|a Ayesha Abed Library
|c General Stacks
|
| 942 |
|
|
|2 ddc
|c BK
|
| 999 |
|
|
|c 5404
|d 5404
|
| 952 |
|
|
|0 0
|1 0
|2 ddc
|4 0
|6 343_549205200000000_INC
|7 0
|9 5261
|a BRACUL
|b BRACUL
|c GEN
|d 2009-11-11
|e Paragon Enterprise Ltd.
|g 390.00
|l 2
|m 19
|o 343.5492052 INC
|p 3010018562
|r 2022-05-11
|s 2022-03-08
|t 4
|v 780.00
|w 2009-11-11
|y BK
|x Requisitioned by Prof. Mojib Uddin Ahmed Director, MBA Program Course name and no. N/A
|
| 952 |
|
|
|0 0
|1 0
|2 ddc
|4 0
|6 343_549205200000000_INC
|7 0
|9 5268
|a BRACUL
|b BRACUL
|c GEN
|d 2009-11-11
|e Paragon Enterprise Ltd.
|g 390.00
|l 1
|m 1
|o 343.5492052 INC
|p 3010018564
|r 2018-05-16
|s 2018-05-08
|t 6
|v 780.00
|w 2009-11-11
|y BK
|x Requisitioned by Prof. Mojib Uddin Ahmed Director, MBA Program Course name and no. N/A
|
| 952 |
|
|
|0 0
|1 0
|2 ddc
|4 0
|6 343_549205200000000_INC
|7 0
|9 5269
|a BRACUL
|b BRACUL
|c GEN
|d 2009-11-11
|e Paragon Enterprise Ltd.
|g 390.00
|l 0
|o 343.5492052 INC
|p 3010018563
|r 2009-11-11
|t 5
|v 780.00
|w 2009-11-11
|y BK
|x Requisitioned by Prof. Mojib Uddin Ahmed Director, MBA Program Course name and no. N/A
|
| 952 |
|
|
|0 0
|1 0
|2 ddc
|4 0
|6 343_549205200000000_INC
|7 0
|9 5270
|a BRACUL
|b BRACUL
|c GEN
|d 2009-11-11
|e Paragon Enterprise Ltd.
|g 390.00
|l 0
|o 343.5492052 INC
|p 3010018560
|r 2009-11-11
|t 2
|v 780.00
|w 2009-11-11
|y BK
|x Requisitioned by Prof. Mojib Uddin Ahmed Director, MBA Program Course name and no. N/A
|
| 952 |
|
|
|0 0
|1 0
|2 ddc
|3 Need to change call number
|4 0
|6 336_240954920000000_INC_2008
|7 0
|9 5271
|a BRACUL
|b BRACUL
|c GEN
|d 2009-11-11
|e Paragon Enterprise Ltd.
|g 390.00
|l 0
|o 336.24095492 INC
|p 3010018561
|r 2009-11-11
|t 3
|v 780.00
|w 2009-11-11
|y BK
|x Requisitioned by Prof. Mojib Uddin Ahmed Director, MBA Program Course name and no. N/A
|
| 952 |
|
|
|0 0
|1 0
|2 ddc
|4 0
|6 343_549205200000000_INC
|7 0
|9 8662
|a BRACUL
|b BRACUL
|c GEN
|d 2010-03-18
|g 340.00
|l 0
|o 343.5492052 INC
|p 3010019982
|r 2010-03-18
|t 7
|w 2010-03-18
|y BK
|
| 952 |
|
|
|0 0
|1 0
|2 ddc
|4 0
|6 343_549205200000000_INC
|7 0
|9 16081
|a BRACUL
|b BRACUL
|c GEN
|d 2011-04-16
|e A H Development Publishing House
|g 340.00
|l 0
|o 343.5492052 INC
|p 3010017722
|r 2011-04-16
|t 1
|w 2011-04-16
|y BK
|x Requisitioned by Monojit Kumar Ojha (Director, Finance of BRAC University)
|